00349nam a2200133Ia 45000030006000000080041000060400015000471000020000622450039000822600059001213000006001805460012001860050017001980STCL150530s9999 xx 000 0 und d aSTCLcSTCL aVarghese, P. R. aMillennium Zoology Vol. 6 Nov.2005 bDept. of Zoology,St. Aloysius College; Elthuruthc2005 a0 aEnglish20220125165915.0